Goal Scorers for Germany at the 2014 FIFA World Cup - Statistics

General Stats
  • This quiz has been taken 2,200 times
  • The average score is 7 of 8
Answer Stats
# goals Answer % Correct
5 goals Thomas Müller
98%
2 goals Miroslav Klose
94%
2 goals Mario Götze
90%
2 goals Toni Kroos
83%
1 goal Mesut Özil
77%
3 goals André Schürrle
76%
2 goals Mats Hummels
76%
1 goal Sami Khedira
76%
No matching quizzes found
Score Distribution
Percent of People with Each Score
Percentile by Number Answered
Your Score History
You have not taken this quiz